La resiliencia en el mundo de hoy : cómo superar las adversidades /

El objetivo de esta obra es brindar información e ideas sobre el papel que desempeña la resiliencia en el mundo actual, esta capacidad humana para resistir y afrontar la amenaza incesante de eventos que nos causan sufrimiento. ya que nuestra realidad se ve sometida a cambios permanentes, pero nosotr...

Descripción completa

Guardado en:
Detalles Bibliográficos
Autor principal: Grotberg, Edith Henderson (compilación e introducción)
Formato: Libro
Idioma:Español
Publicado: Barcelona, España : Gedisa, 2006, c2006
Colección:(Psicología/Resiliencia)
Temas:
Etiquetas: Agrega una etiqueta
Sin etiquetas, Sé el primero en etiquetar este registro!

MARC

LEADER 00000nam^a2200000^a^4500
001 000271103
005 20250521000000.0
009 20260310111016.878
020 |a 84-9784-138-7 
037 |a Acervo ITESO - Biblioteca 
041 |a ESP 
082 |a 155. 94  |b GRO 
100 |a Grotberg, Edith Henderson  |e (compilación e introducción) 
245 1 3 |a La resiliencia en el mundo de hoy :  |b cómo superar las adversidades /  |c Comp. e introd. de E.H. Grotberg ; tr. por Alejandra García Morillo. 
264 4 |a Barcelona, España :  |b Gedisa,  |c 2006, c2006 
300 |a 391 p. 
336 |a texto  |b txt  |2 rdacontenido 
337 |a sin mediación  |b n  |2 rdamedio 
338 |a volumen  |b nc  |2 rdasoporte 
440 1 |a (Psicología/Resiliencia) 
500 |a Traducción de: Resilience for Today. Gaining Strength from Adversity 
520 |a El objetivo de esta obra es brindar información e ideas sobre el papel que desempeña la resiliencia en el mundo actual, esta capacidad humana para resistir y afrontar la amenaza incesante de eventos que nos causan sufrimiento. ya que nuestra realidad se ve sometida a cambios permanentes, pero nosotros disponemos de flexibilidad mediante una actitud resiliente y está en nosotros lograr su eficacia para cambiar. 
649 |a XX 
650 |a Resiliencia Social -  |x Tema Principal 
650 |a Comportamiento Social 
650 |a Conducta 
650 |a Psicología Ambiental 
650 |a Psicología 
910 |a Fondo General 
920 |a Impresos - Libros 
930 |a Colección General 
905 |a 101 
901 |a 0500336738  |b IT1  |c ACC  |i C186576  |u 20250521 
902 |a https://opac.biblio.iteso.mx/vufind/Record/000271103